Which country has the most cities in CityQuizio? (Continent edition) - Statistics

General Stats
  • This quiz has been taken 21 times
    16 since last reset
  • The average score is 28 of 30
Answer Stats
Continent Cities Country % Correct
Africa 178 Algeria
100%
South America 3953 Argentina
100%
Oceania 2827 Australia
100%
South America 5570 Brazil
100%
North America 2808 Canada
100%
Asia 22074 China
100%
South America 1102 Colombia
100%
Africa 211 Egypt
100%
Europe 34455 France
100%
Asia 588648 India
100%
Europe 57191 Italy
100%
North America 15648 Mexico
100%
Oceania 124 New Zealand
100%
Europe 135047 Russia
100%
Africa 201 South Africa
100%
North America 33233 United States of America
100%
Africa 134 Ethiopia
93%
North America 339 Guatemala
93%
North America 298 Honduras
93%
Asia 1719 Japan
93%
Africa 138 Morocco
93%
Oceania 45 Papua New Guinea
93%
Europe 42458 Poland
93%
South America 503 Uruguay
93%
Europe 14229 Austria
86%
Oceania 39 Federated States of Micronesia
86%
Asia 4140 Philippines
86%
Asia 1294 Turkey
86%
South America 338 Bolivia
79%
Oceania 32 Samoa
79%
No matching quizzes found
Score Distribution
Percent of People with Each Score
Percentile by Number Answered
Your Score History
You have not taken this quiz since the last reset